[Event "ch-Moscow 2013"]
[Site "Moscow RUS"]
[Date "2013.03.23"]
[Round "2.7"]
[White "Oparin,G"]
[Black "Geivondian,Arman"]
[Result "1-0"]
[WhiteElo "2496"]
[BlackElo "2222"]

1.e4 e6 2.d4 d5 3.Nc3 Nf6 4.e5 Nfd7 5.f4 c5 6.Nf3 Nc6 7.Be3 cxd4 8.Nxd4 Bc5
9.Qd2 Bxd4 10.Bxd4 Nxd4 11.Qxd4 Qb6 12.Qxb6 Nxb6 13.Nb5 Ke7 14.Bd3 Bd7 15.Nd4 g6
16.Kd2 h5 17.g3 Bc6 18.b3 Nd7 19.b4 Ba4 20.b5 h4 21.g4 g5 22.f5 Nxe5 23.fxe6 fxe6
24.Rhe1 Kd6 25.Rab1 Rhf8 26.Rb4 Rf4 27.c3 Rc8 28.Rxe5 Kxe5 29.Rxa4 Kf6 30.Rxa7 e5
31.Nf5 Rf2+ 32.Be2 Rxh2 33.Rxb7 e4 34.b6 Rh1 35.a4 Rh8 36.Rc7 h3 37.b7 Rb8
38.Rc6+ Ke5 39.Ke3 Rg1 40.Ng7 Rg3+ 41.Kd2 d4 42.cxd4+ Kd5 43.Rc5+  1-0

[Event "TCh-BEL 2012-13"]
[Site "Buellingen BEL"]
[Date "2013.03.24"]
[Round "11.4"]
[White "Laurent,B"]
[Black "Fiebig,T"]
[Result "1/2-1/2"]
[WhiteElo "2359"]
[BlackElo "2414"]

1.e4 e6 2.d4 d5 3.Nc3 Nf6 4.e5 Nfd7 5.f4 c5 6.Nf3 Nc6 7.Be3 Be7 8.Qd2 O-O
9.Be2 b6 10.Nd1 cxd4 11.Nxd4 Nxd4 12.Bxd4 Nb8 13.c3 Ba6 14.Ne3 Bxe2 15.Qxe2 Nc6
16.O-O f6 17.Qg4 f5 18.Qe2 Bc5 19.Rad1 Bxd4 20.cxd4 Rc8 21.Kh1 Qd7 22.Qd3 Rc7
23.Rd2 Ne7 24.Nd1 Rfc8 25.Nc3 Rc4 26.Ne2 b5 27.Rdd1 Qc6 28.Qe3 Rc2 29.Nc1 Rxb2
30.Nd3 Qc3 31.Rc1 Qd2 32.Rxc8+ Nxc8 33.Qg3 Rc2 34.Nc5 Rc1 35.Qf3 Kf7 36.h3 Rxf1+
37.Qxf1 Nb6 38.Qf3 g6 39.Qg3 Qd1+ 40.Kh2 Qxd4 41.Nb7 Nd7 42.Qh4 Nf8 43.Nd6+ Kg8
44.Ne8 Kf7 45.Nd6+ Kg8 46.Ne8 Kf7 47.Nd6+  1/2-1/2

[Event "44th Marcel Duchamp"]
[Site "Buenos Aires ARG"]
[Date "2013.03.24"]
[Round "3.3"]
[White "Alonso,S"]
[Black "Sanhueza,C"]
[Result "1-0"]
[WhiteElo "2521"]
[BlackElo "2215"]

1.e4 e6 2.d4 d5 3.Nc3 Nf6 4.e5 Nfd7 5.f4 c5 6.Nf3 Nc6 7.Be3 Qb6 8.Na4 Qa5+
9.c3 cxd4 10.b4 Nxb4 11.cxb4 Bxb4+ 12.Bd2 Bxd2+ 13.Nxd2 O-O 14.Be2 b5 15.Nb2 Nb6
16.O-O Nc4 17.Nb3 Qa3 18.Nd3 Qe7 19.Rf2 Bd7 20.Nxd4 Rfc8 21.Ne1 f6 22.Bd3 Rf8
23.Nef3 fxe5 24.fxe5 g6 25.Qe2 Rac8 26.Raf1 b4 27.h4 Qg7 28.Bxc4 Rxc4 29.Ng5 Rxf2
30.Qxf2  1-0

[Event "LEM Schleswig-Holstein 2013"]
[Site "Neumuenster GER"]
[Date "2013.03.25"]
[Round "4.8"]
[White "Koop,S"]
[Black "Kitschke,H"]
[Result "1-0"]
[WhiteElo "2049"]
[BlackElo "2112"]

1.e4 e6 2.d4 d5 3.Nc3 Nf6 4.e5 Nfd7 5.f4 c5 6.Nf3 Nc6 7.Ne2 a6 8.c3 b5 9.g3 Bb7
10.Bh3 g6 11.O-O cxd4 12.cxd4 h5 13.Bg2 Rc8 14.h3 Ne7 15.g4 hxg4 16.hxg4 Nb6
17.Ng3 Qd7 18.b3 Bh6 19.f5 Bxc1 20.Rxc1 exf5 21.gxf5 Nxf5 22.Nxf5 Qxf5 23.Rxc8+ Nxc8
24.Qc1 Rh5 25.Qc7 Qd7 26.Qb8 Qc6 27.e6 f6 28.Qf4 f5 29.Rc1 Qb6 30.Qb8  1-0

[Event "ch-WLS 2013"]
[Site "Cardiff WLS"]
[Date "2013.03.29"]
[Round "1.1"]
[White "Jones,RS"]
[Black "Fathallah,J"]
[Result "1-0"]
[WhiteElo "2399"]
[BlackElo "1987"]

1.e4 e6 2.d4 d5 3.Nc3 Nf6 4.e5 Nfd7 5.f4 c5 6.Nf3 Nc6 7.Be3 a6 8.Qd2 b5 9.Be2 cxd4
10.Nxd4 Nxd4 11.Bxd4 Nb6 12.O-O b4 13.Nd1 Bd7 14.b3 a5 15.Ne3 Rc8 16.f5 Bc5
17.Bxc5 Rxc5 18.Qd4 Qc7 19.Rae1 Rc3 20.Bd3 h5 21.Kh1 Qc5 22.Qh4 Bb5 23.fxe6 fxe6
24.Qg5 Bxd3 25.cxd3 Qe7 26.Qg6+ Kd8 27.Rf7 Qe8 28.Nf5 Nc8 29.Qg5+  1-0

[Event "e2e4 Dublin Masters"]
[Site "Dublin IRL"]
[Date "2013.03.29"]
[Round "2"]
[White "Daly,C"]
[Black "Hayes,Peter J."]
[Result "1-0"]
[WhiteElo "2340"]
[BlackElo "2020"]

1.e4 e6 2.d4 d5 3.Nc3 Nf6 4.e5 Nfd7 5.f4 c5 6.Nf3 Nc6 7.Be3 a6 8.Qd2 b5 9.a3 Qc7
10.dxc5 Nxc5 11.Bd3 Bb7 12.Qf2 Na5 13.O-O Nc4 14.Bxc4 dxc4 15.Nd4 g6 16.b4 Ne4
17.Nxe4 Bxe4 18.c3 Be7 19.a4 Rb8 20.axb5 axb5 21.Ra5 Bc6 22.Rfa1 O-O 23.Ra7 Rb7
24.Nxc6 Qxc6 25.Rxb7 Qxb7 26.Ra7 Qe4 27.Rxe7 Rd8 28.Bd4  1-0

[Event "Pobeskydi Open 2013"]
[Site "Frydek-Mistek CZE"]
[Date "2013.03.30"]
[Round "6"]
[White "Kanak,Filip"]
[Black "Ulrych,W"]
[Result "0-1"]
[WhiteElo "1748"]
[BlackElo "2004"]

1.e4 e6 2.d4 d5 3.Nc3 Nf6 4.e5 Nfd7 5.f4 c5 6.Nf3 Nc6 7.g3 cxd4 8.Nxd4 Nxd4
9.Qxd4 Bc5 10.Qd3 Qb6 11.Qb5 Bf2+ 12.Ke2 Qd4 13.Qd3 Qb6 14.Qb5 O-O 15.Bg2 a6
16.Qxb6 Bxb6 17.b3 f6 18.Ba3 Bc5 19.Bxc5 Nxc5 20.Rhf1 Bd7 21.Ke3 Rac8 22.Kd4 f5
23.Rac1 b5 24.Rfd1 Rc7 25.Ne2 Rfc8 26.c3 Be8 27.Bf3 a5 28.Rd2 b4 29.c4 dxc4
30.Rxc4 Bb5 31.Rc1 Bxe2 32.Bxe2 Nxb3+ 33.axb3 Rxc1 34.Bc4 Rd8+ 35.Ke3 Rc3+
36.Rd3 Rdxd3+ 37.Bxd3 Rxb3  0-1

[Event "ch-WLS 2013"]
[Site "Cardiff WLS"]
[Date "2013.03.31"]
[Round "5.15"]
[White "Summers,Charles"]
[Black "Thomas,Ben"]
[Result "1/2-1/2"]
[WhiteElo "1971"]
[BlackElo "1713"]

1.d4 d5 2.Nc3 e6 3.e4 Nf6 4.e5 Nfd7 5.Nce2 c5 6.c3 Nc6 7.f4 b6 8.Nf3 Ba6
9.g3 Be7 10.Bg2 Rc8 11.a3 O-O 12.O-O Na5 13.b4 cxb4 14.axb4 Bxe2 15.Qxe2 Nc4
16.f5 a5 17.f6 gxf6 18.Bh6 Re8 19.exf6 Bxf6 20.Nh4 axb4 21.Qg4+ Kh8 22.Bg7+ Bxg7
23.Rxf7 Bxd4+ 24.cxd4 Rg8 25.Rxh7+ Kxh7 26.Qh5+ Kg7 27.Qg6+ Kf8 28.Rf1+ Ke7
29.Rf7+ Kd6 30.Nf5+ Kc7 31.Qxe6 Ra8 32.Qxd5 Ra1+ 33.Kf2  1/2-1/2

[Event "LVIII ch-Catarinense 2013"]
[Site "Florianopolis BRA"]
[Date "2013.03.31"]
[Round "6.4"]
[White "Feliciano,V"]
[Black "Bueno,Alfe"]
[Result "0-1"]
[WhiteElo "2233"]
[BlackElo "2282"]

1.e4 e6 2.d4 d5 3.Nc3 Nf6 4.e5 Nfd7 5.f4 c5 6.Nf3 Nc6 7.Be3 cxd4 8.Nxd4 Bc5
9.Qd2 O-O 10.O-O-O a6 11.Qf2 Nxd4 12.Bxd4 Qc7 13.Bd3 Bxd4 14.Qxd4 Qc5 15.Ne2 b5
16.Rhe1 Bb7 17.f5 Qxd4 18.Nxd4 Rae8 19.fxe6 fxe6 20.Re3 Rf4 21.g3 Rxd4 22.Bxh7+ Kxh7
23.Rxd4 Rc8 24.Rf4 Kg8 25.Kd2 Nb6 26.b3 Bc6 27.h4 Be8 28.Rc3 Bc6 29.Kd3 Nd7
30.Kd4 b4 31.Rcf3 Bb5 32.Rf2 Nc5 33.g4 Ne4 34.Rg2 Nc3 35.Rff2 Nxa2 36.c4 dxc4
37.Rxa2 cxb3 38.Rab2 Rc4+ 39.Ke3 Rc3+ 40.Kd4 a5 41.Rb1 a4 42.Rgg1 a3 43.Rgc1 Rxc1
44.Rxc1 b2  0-1

[Event "17th Neckar Open"]
[Site "Deizisau GER"]
[Date "2013.04.01"]
[Round "8.8"]
[White "Solodovnichenko,Y"]
[Black "Kotainy,J"]
[Result "1-0"]
[WhiteElo "2559"]
[BlackElo "2413"]

1.e4 e6 2.d4 d5 3.Nc3 Nf6 4.e5 Nfd7 5.f4 c5 6.Nf3 Nc6 7.Be3 Be7 8.Qd2 O-O
9.Be2 a6 10.O-O b5 11.a3 Qb6 12.Nd1 Bb7 13.Nf2 Qc7 14.Rad1 cxd4 15.Nxd4 Rac8
16.c3 Na5 17.Bd3 Nc4 18.Qe2 Rfe8 19.Bc1 g6 20.Ng4 Bf8 21.h4 h5 22.Nf2 Qd8
23.g4 Qxh4 24.Kg2 hxg4 25.Rh1 Qe7 26.Nxg4 Bg7 27.Qf3 Kf8 28.Rh7 f5 29.exf6 Nxf6
30.Ne5 Kg8 31.Nxg6 Qd6 32.Rh3 Rc7 33.Ne5 Kf8 34.Rg3 Qb6 35.Rg1 Ree7 36.Ng6+ Ke8
37.Nxe7 Rxe7 38.Kf1 Bf8 39.Rg6 Rf7 40.Qh3 e5 41.Qe6+ Qxe6 42.Nxe6 Nd7 43.Rg8 Ke7
44.Nxf8 Nxf8 45.R8g7 exf4 46.Bxc4 dxc4 47.Bxf4 Ne6 48.Rxf7+ Kxf7 49.Be3 Ke7
50.Rg4 Bf3 51.Rh4 Kd6 52.a4 Bc6 53.a5 Bb7 54.Kf2 Kd5 55.Rh7 Kc6 56.Kf3 Nd8
57.Bf4 Ne6 58.Be3 Nd8 59.Ke4 Kd6+ 60.Kf5 Bc8+ 61.Kf6 Nc6 62.Bb6 b4 63.Bc7+ Kd5
64.Rh5+ Ke4 65.Rc5 bxc3 66.Rxc4+ Kd5 67.Rxc3 Bg4 68.Bb6 Nb4 69.Bc5 Na2 70.Ra3 Kxc5
71.Rxa2 Bf3 72.Ke7 Kb5 73.Kd6 Kb4 74.Kc7 Kb5 75.b4 Bd5 76.Rb2 Be4 77.Kd6 Bd3
78.Kd5 Bf1 79.Kd4 Bh3 80.Kc3 Kc6 81.Rh2 Bf1 82.Rh6+ Kd5 83.Rh5+ Kc6 84.Kd4 Be2
85.Rh6+ Kb5 86.Rb6+ Ka4 87.Kc5 Bf1 88.b5 Kxa5 89.Rxa6+  1-0

[Event "65th ch-ARG w 2013"]
[Site "Villa Martelli ARG"]
[Date "2013.04.03"]
[Round "1.1"]
[White "Zuriel,M"]
[Black "Guzman,Paola"]
[Result "1-0"]
[WhiteElo "2212"]
[BlackElo "1904"]

1.e4 e6 2.d4 d5 3.Nc3 Nf6 4.e5 Nfd7 5.f4 c5 6.Nf3 Nc6 7.Be3 Qb6 8.a3 a6 9.Be2 Be7
10.O-O Nxd4 11.Nxd4 cxd4 12.Bxd4 Bc5 13.Bxc5 Nxc5 14.Qd4 Nd7 15.Qxb6 Nxb6
16.Bd3 O-O 17.Rae1 Bd7 18.Ne2 Na4 19.Rb1 Nc5 20.Nd4 Rac8 21.Rfe1 Rfe8 22.Re3 f6
23.Rbe1 f5 24.Kf2 Na4 25.Rb1 Nc5 26.Ke1 Bc6 27.Kd2 Re7 28.h3 Ne4+ 29.Bxe4 dxe4
30.c3 Rd8 31.Re2 Bb5 32.Rf2 Bd3 33.Rg1 Kf7 34.g4 g6 35.Rfg2 Bc4 36.Ke3 Red7
37.gxf5 exf5 38.h4 Rg8 39.h5 Rdd8 40.b3 Bd5 41.Rg5 b5 42.Rc1 Be6 43.hxg6+ hxg6
44.Rh1 Rg7 45.Rh6 Bd5 46.Rg1 Rc8 47.Rc1 Be6 48.Rh2 Rd8 49.Rch1 Rdg8 50.Nxe6 Kxe6
51.Rd2 Rd7 52.Rxd7 Kxd7 53.Rd1+ Ke7 54.Rd6 a5 55.Ra6 Rd8 56.Rxa5 Rd3+ 57.Ke2 g5
58.fxg5 f4 59.g6 f3+ 60.Ke1 e3 61.Ra7+ Ke6 62.g7 Rd8 63.a4 bxa4 64.bxa4 Rc8
65.Ra6+ Ke7 66.Ra7+ Ke6 67.Rb7 Rd8 68.a5 e2 69.Kf2 Kxe5 70.Re7+ Kf6 71.Re3 Kxg7
72.Rxf3 Re8 73.Ke1 Re5 74.Rf4 Rxa5 75.Kxe2 Kg6 76.Kd3 Kg5 77.Rf1 Rf5 78.Rxf5+ Kxf5
79.Kd4 Ke6 80.Kc5 Kd7 81.Kb6 Kd6 82.c4 Kd7 83.c5 Kc8 84.Kc6  1-0

[Event "Open Golden Island Krk"]
[Site "Malinska CRO"]
[Date "2013.04.06"]
[Round "1.10"]
[White "Videnova,I"]
[Black "Brzac,M"]
[Result "1-0"]
[WhiteElo "2329"]
[BlackElo "1848"]

1.e4 e6 2.d4 d5 3.Nc3 Nf6 4.e5 Nfd7 5.f4 Be7 6.Nf3 f5 7.h4 c5 8.Ng5 Bxg5
9.hxg5 a6 10.dxc5 Nc6 11.Be3 Nf8 12.Bd4 Qc7 13.a3 Ng6 14.Qd2 Bd7 15.b4 Rc8
16.Rh3 O-O 17.Be2 Rfd8 18.Kf2 Ngxe5 19.fxe5 Nxe5 20.Rah1 Ng4+ 21.Bxg4 fxg4
22.Rxh7 e5 23.g6 g3+ 24.Ke1  1-0

[Event "Open Golden Island Krk"]
[Site "Malinska CRO"]
[Date "2013.04.07"]
[Round "3.4"]
[White "Videnova,I"]
[Black "Martinovic,Sa"]
[Result "0-1"]
[WhiteElo "2329"]
[BlackElo "2530"]

1.e4 e6 2.d4 d5 3.Nc3 Nf6 4.e5 Nfd7 5.f4 c5 6.Nf3 Nc6 7.Be3 Be7 8.a3 O-O
9.dxc5 Bxc5 10.Bxc5 Nxc5 11.b4 Nd7 12.Bd3 f6 13.O-O a5 14.b5 Ne7 15.exf6 Rxf6
16.Na4 Qc7 17.Ng5 Nf8 18.g3 Nf5 19.Qd2 Bd7 20.Rfe1 Rc8 21.Nf3 Nd6 22.Qe3 Bxb5
23.Nb6 Rd8 24.Rab1 Bxd3 25.cxd3 Nf5 26.Rec1 Qf7 27.Qc5 Qh5 28.Ne5 Rh6 29.Qf2 Nd6
30.Rc7 Ng6 31.Nxg6 Qxg6 32.Rb3 Qh5 33.Rb1 Nf5 34.Nd7 Nxg3 35.Ne5 Nf5 36.Rbxb7 Qd1+
37.Kg2 d4 38.h3 Qh5 39.Kf1 Qxh3+ 40.Ke1 Qh1+ 41.Qf1 Qh2 42.Qf2 Qh1+ 43.Qf1 Qd5
44.Rd7 Rxd7 45.Rxd7 Rh1 46.Rxd5 Rxf1+ 47.Kxf1 exd5 48.Nc6 a4 49.Kf2 Kf7 50.Nd8+ Ke7
51.Nb7 Ne3 52.Nc5 Nd1+ 53.Kf3 Nc3 54.f5 Kd6 55.Ne6 Ke5 56.Kg4 Nb5 57.Nxg7 Nxa3
58.Kg5 Nb5 59.Ne6 a3 60.Nc5 a2 61.Nb3 Nd6  0-1

[Event "SuperNationals V"]
[Site "Nasville USA"]
[Date "2013.04.07"]
[Round "6"]
[White "Ostrovskiy,Al"]
[Black "Feng,Roland"]
[Result "1-0"]
[WhiteElo "2379"]
[BlackElo "2093"]

1.e4 e6 2.d4 d5 3.Nc3 Nf6 4.e5 Nfd7 5.f4 a6 6.Nf3 c5 7.Be3 Nc6 8.Qd2 b5 9.a3 Bb7
10.Ne2 Be7 11.g3 Rc8 12.Bg2 cxd4 13.Nfxd4 Nxd4 14.Nxd4 Nc5 15.O-O Ne4 16.Qe2 Qc7
17.c3 Bc5 18.a4 b4 19.cxb4 Bxd4 20.Bxd4 Qc4 21.Qxc4 Rxc4 22.Rfd1 Rxb4 23.Rac1 Rc4
24.Rxc4 dxc4 25.Re1 f5 26.exf6 Nd6 27.Rxe6+ Kd7 28.Re7+ Kd8 29.fxg7 Rg8 30.Rxb7 Nxb7
31.Bxb7 Ke7 32.Bd5 Rxg7 33.Bxg7  1-0

[Event "FSGM April 2013"]
[Site "Budapest HUN"]
[Date "2013.04.08"]
[Round "3.4"]
[White "Szabo,Krisz1"]
[Black "Poetsch,H"]
[Result "1-0"]
[WhiteElo "2539"]
[BlackElo "2426"]

1.e4 e6 2.d4 d5 3.Nc3 Nf6 4.e5 Nfd7 5.f4 c5 6.Nf3 Nc6 7.Be3 cxd4 8.Nxd4 Bc5
9.Qd2 O-O 10.O-O-O a6 11.Qf2 Nxd4 12.Bxd4 Qe7 13.Bd3 b5 14.Rhe1 b4 15.Na4 Bxd4
16.Qxd4 Bb7 17.Nb6 Nxb6 18.Qxb6 a5 19.Kb1 Rfb8 20.Qf2 Bc8 21.g4 b3 22.cxb3 a4
23.f5 axb3 24.a3 Ba6 25.f6 Qc7 26.Qd2 Bxd3+ 27.Qxd3 Ra4 28.Rc1 Rc4 29.Qe3 gxf6
30.exf6 Qf4 31.Rxc4 Qxe3 32.Rxe3 dxc4 33.Kc1 h5 34.gxh5 Rb5 35.Rg3+ Kh8 36.Kd2 Rxh5
37.h3 Rf5 38.Kc3 Rf2 39.Kxc4 Rxb2 40.Rxb3 Ra2 41.Kb5 Kh7 42.Rg3 e5 43.Kc5 Rf2
44.Rg7+ Kh6 45.Rxf7 Kg6 46.Rf8 Rf3 47.a4 Rxh3 48.Kd6 e4 49.Ke6 e3 50.Rg8+ Kh7
51.Rg2 Rh4 52.f7 Rf4 53.a5  1-0

[Event "FSFMA April 2013"]
[Site "Budapest HUN"]
[Date "2013.04.10"]
[Round "5.3"]
[White "Lim Kian Hwa"]
[Black "Farkas,R"]
[Result "0-1"]
[WhiteElo "1882"]
[BlackElo "2148"]

1.e4 e6 2.d4 d5 3.Nc3 Nf6 4.e5 Nfd7 5.f4 c5 6.Nf3 Nc6 7.Ne2 f5 8.c3 Be7 9.Be3 cxd4
10.cxd4 O-O 11.Nc3 Nb6 12.Bd3 Bd7 13.a3 Rc8 14.Rc1 Na5 15.Nd2 Nac4 16.Nxc4 Nxc4
17.Bxc4 Rxc4 18.O-O Qb6 19.Qd2 Rfc8 20.h3 a5 21.g4 Rf8 22.Kh2 g6 23.Rg1 Qa6
24.gxf5 Rxf5 25.Ne2 Rxc1 26.Rxc1 Rf7 27.Nc3 b5 28.Qe2 Qb6 29.Qg4 Bf8 30.h4 b4
31.axb4 Bxb4 32.Rc2 Bxc3 33.bxc3 Ba4 34.Rg2 Bb5 35.Rb2 Qa6 36.h5 Bd3 37.Rb8+ Rf8
38.Rxf8+ Kxf8 39.Bc1 Bf5 40.Ba3+ Kg8 41.Qg2 Qd3 42.Bb2 Qc2 43.Qxc2 Bxc2 44.hxg6 Bxg6
45.Kg3 Kf7 46.Ba3 Ke8 47.Kh4 Kd7 48.Kg5 Kc6 49.Kf6 Bf5 50.Be7 Kb5 51.Bd8 a4
52.Be7 Kc4 53.Bb4 Kb3 54.Kg5 h5 55.Kxh5 a3 56.Bxa3 Kxa3 57.c4 dxc4 58.d5 exd5
59.Kg5 c3 60.Kxf5 c2 61.Kg6 c1=Q 62.f5 Qg1+ 63.Kf6 Qg8 64.Ke7 Qg7+ 65.Ke6 d4
66.f6 Qg8+ 67.f7 Qd8 68.Kf5 d3  0-1

[Event "Open Golden Island Krk"]
[Site "Malinska CRO"]
[Date "2013.04.10"]
[Round "7.4"]
[White "Djurovic,G"]
[Black "Martinsen,S"]
[Result "1-0"]
[WhiteElo "2391"]
[BlackElo "2164"]

1.d4 e6 2.e4 d5 3.Nc3 Nf6 4.e5 Nfd7 5.f4 c5 6.Nf3 Nc6 7.Be3 Be7 8.Be2 O-O
9.O-O b6 10.Qe1 f5 11.Kh1 Kh8 12.Rd1 Ndb8 13.Qf2 cxd4 14.Nxd4 Nxd4 15.Bxd4 Nc6
16.Be3 Na5 17.Nb5 Ba6 18.b3 Qd7 19.a4 Rac8 20.Bd3 Nc6 21.c4 Nb4 22.Bb1 Qb7
23.Rc1 dxc4 24.bxc4 Rfd8 25.Qe2 Nc6 26.h3 Na5 27.Qa2 Qd7 28.Kh2 Rc6 29.Qe2 Nb3
30.Rcd1 Qe8 31.Rxd8 Bxd8 32.Rd1 Na5 33.Nd6 Rxd6 34.exd6 Bxc4 35.d7 Qe7 36.Bd3 Bb3
37.Bc2 Bd5 38.Bxf5 Qxd7 39.Be4 Bf6 40.Qh5 g6 41.Qh6 Bg7 42.Qg5 h6 43.Qg4 Nc4
44.Rxd5  1-0

[Event "FSGM April 2013"]
[Site "Budapest HUN"]
[Date "2013.04.13"]
[Round "7.1"]
[White "Gledura,B"]
[Black "Kosic,D"]
[Result "1/2-1/2"]
[WhiteElo "2388"]
[BlackElo "2512"]

1.e4 e6 2.d4 d5 3.Nc3 Nf6 4.e5 Nfd7 5.f4 c5 6.Nf3 Nc6 7.Be3 Be7 8.Qd2 O-O
9.Be2 a6 10.O-O b5 11.Nd1 b4 12.Nf2 a5 13.Bb5 Bb7 14.c3 Qb6 15.Be2 Ba6 16.Nd3 bxc3
17.bxc3 cxd4 18.cxd4 Nb4 19.Rab1 Qa7 20.Rfc1 Nxd3  1/2-1/2

[Event "4th LUCOPEN 2013"]
[Site "Lille FRA"]
[Date "2013.04.14"]
[Round "2.3"]
[White "Riff,JN"]
[Black "Danin,A"]
[Result "0-1"]
[WhiteElo "2467"]
[BlackElo "2575"]

1.e4 e6 2.d4 d5 3.Nc3 Nf6 4.e5 Nfd7 5.f4 c5 6.Nf3 Nc6 7.Be3 a6 8.Qd2 b5 9.dxc5 Bxc5
10.Bd3 Qb6 11.Bf2 O-O 12.O-O Bxf2+ 13.Rxf2 Nc5 14.Re1 b4 15.Ne2 Ne4 16.Bxe4 dxe4
17.Nfd4 Rd8 18.c3 bxc3 19.bxc3 a5 20.Qe3 Bb7 21.Qh3 Rac8 22.f5 Nxe5 23.fxe6 fxe6
24.Ref1 Bd5 25.Kh1 e3 26.Rf4 Nc4 27.Rh4 Rf8  0-1

[Event "4th LUCOPEN 2013"]
[Site "Lille FRA"]
[Date "2013.04.15"]
[Round "3.10"]
[White "Das,Arg"]
[Black "Flick,Antoine"]
[Result "1-0"]
[WhiteElo "2484"]
[BlackElo "1905"]

1.e4 e6 2.d4 d5 3.Nc3 Nf6 4.e5 Nfd7 5.Nce2 c5 6.c3 Nc6 7.f4 b5 8.a3 a5 9.Nf3 Qb6
10.f5 Rb8 11.Nf4 b4 12.fxe6 fxe6 13.Ng5 cxd4 14.Qh5+  1-0

[Event "ch-ESP University 2013"]
[Site "Badajoz ESP"]
[Date "2013.04.17"]
[Round "5.4"]
[White "Rodriguez Guerrero,E"]
[Black "Mingarro Carceller,S"]
[Result "1-0"]
[WhiteElo "2445"]
[BlackElo "2210"]

1.e4 e6 2.d4 d5 3.Nc3 Nf6 4.e5 Nfd7 5.f4 c5 6.Nf3 Nc6 7.Be3 Be7 8.Be2 O-O
9.O-O a6 10.Qd2 b5 11.a3 Bb7 12.Rae1 Rc8 13.Kh1 Na5 14.Qd3 Nc4 15.Bc1 Qb6
16.Nd1 cxd4 17.Nxd4 Nc5 18.Qh3 Ne4 19.c3 a5 20.Bd3 b4 21.axb4 axb4 22.b3 Na5
23.f5 bxc3 24.f6 Qxd4 25.Bxe4 dxe4 26.Qg4 g6 27.Qg5 Rfe8 28.fxe7 Qb4 29.Rxf7 c2
30.Nc3 Kxf7 31.Qf6+ Kg8 32.Qxe6+ Kg7 33.Bg5 Rxc3 34.Bf6+ Kh6 35.Qg4  1-0

[Event "7th Agzamov Memorial"]
[Site "Tashkent UZB"]
[Date "2013.04.19"]
[Round "6"]
[White "Onischenko,A"]
[Black "Muminova,N"]
[Result "0-1"]
[WhiteElo "2097"]
[BlackElo "2312"]

1.e4 e6 2.d4 d5 3.Nc3 Nf6 4.e5 Nfd7 5.f4 c5 6.Nf3 Nc6 7.Be3 Qb6 8.Na4 Qa5+
9.c3 c4 10.b4 Nxb4 11.cxb4 Bxb4+ 12.Kf2 b5 13.Nc5 Bc3 14.Bd2 Bxd2 15.Qxd2 Qxd2+
16.Nxd2 Nxc5 17.dxc5 Bd7 18.Ke3 Ke7 19.Be2 a5 20.Kd4 Rhc8 21.Rhc1 Ra7 22.a4 b4
23.Bxc4 dxc4 24.Nxc4 Bc6 25.Nd6 Rb8 26.g3 Raa8 27.Rcb1 Rf8 28.Re1 Kd7 29.Nc4 Kc7
30.Re2 Bd5 31.Rf1 g6 32.g4 Kc6 33.Nd6 Rab8 34.Nc4 Bxc4 35.Kxc4 Rfd8 36.f5 Rd5
37.fxe6 fxe6 38.Kb3 Rd3+ 39.Kb2 Kxc5 40.Rf7 Rbd8 41.Rc7+ Kd4 42.Rxh7 Rd5
43.Re7 Rxe5 44.Rxe6 Rxe2+ 45.Rxe2 Rh3 46.Re6 Rxh2+ 47.Kb3 Rh3+ 48.Kb2 g5
49.Rd6+ Kc5 50.Ra6 Rg3 51.Rxa5+ Kc4 52.Rxg5 Rg2+ 53.Kc1 b3 54.a5 Kc3 55.Rc5+ Kb4
56.Rf5 Ka3  0-1

[Event "XV Foment Martinenc"]
[Site "Barcelona ESP"]
[Date "2013.04.20"]
[Round "1.3"]
[White "Sanchez Ibern,M"]
[Black "Almeida Toledano,D"]
[Result "1-0"]
[WhiteElo "2358"]
[BlackElo "2326"]

1.e4 e6 2.d4 d5 3.Nc3 Nf6 4.e5 Nfd7 5.f4 c5 6.Nf3 Nc6 7.Be3 Be7 8.a3 O-O
9.Bd3 b6 10.O-O Bb7 11.Qe1 cxd4 12.Nxd4 Nxd4 13.Bxd4 Nc5 14.Be2 Qc7 15.Rd1 Rad8
16.b4 Ne4 17.Nxe4 dxe4 18.c4 f5 19.exf6 Bxf6 20.Qf2 Bxd4 21.Rxd4 Rxd4 22.Qxd4 Rxf4
23.Rxf4 e5 24.c5 exf4 25.c6 Bc8 26.Qxe4 g6 27.b5 Kg7 28.Qd4+ Kh6 29.Qf6 Bf5
30.h4 Qb8 31.Qg5+ Kg7 32.h5 Qd6 33.h6+ Kf7 34.Qh4 Ke6 35.Qe1 Kf6 36.Qc3+ Kg5
37.c7 Qe6 38.Bf3 Qc8 39.Qe5 Kxh6 40.Qxf4+ Kg7 41.Qe5+ Kf8 42.Qf6+ Ke8 43.Bc6+ Bd7
44.Qe6+  1-0

[Event "TCh-NED Meesterklasse 2012-13"]
[Site "Netherland NED"]
[Date "2013.04.20"]
[Round "9.1"]
[White "De Graaf,D"]
[Black "Kuijf,R"]
[Result "0-1"]
[WhiteElo "2201"]
[BlackElo "2401"]

1.e4 e6 2.d4 d5 3.Nc3 Nf6 4.e5 Nfd7 5.f4 c5 6.Nf3 Nc6 7.Be3 a6 8.Qd2 cxd4
9.Nxd4 Bc5 10.O-O-O O-O 11.Kb1 Bxd4 12.Bxd4 b5 13.Qe3 b4 14.Na4 Qc7 15.g3 a5
16.h4 Ba6 17.b3 Nxd4 18.Qxd4 Bxf1 19.Rhxf1 Rfc8 20.Rf2 Ra6 21.Re1 Rc6 22.Ree2 f6
23.exf6 Nxf6 24.Qd3 Ne4 25.Rg2 Qf7 26.Rxe4 dxe4 27.Qxe4 Qf5 28.Qxf5 exf5
29.Nb2 Kf7 30.a3 bxa3 31.Nc4 Rxc4 32.bxc4 Rxc4 33.h5 Rc3 34.Ka1 Re3 35.Ka2 Ke6
36.Ka1 g6 37.h6 Kd5 38.Rd2+ Kc6 39.Rg2 Rc3 40.Ka2 Kd5 41.Re2 Kd6 42.Rd2+ Ke6
43.Re2+ Kf6 44.Rd2 g5 45.Rd6+ Ke7 46.Ra6 Rxc2+ 47.Kb3 Rg2 48.Rxa5 Rxg3+ 49.Kc4 gxf4
50.Rxf5 a2 51.Ra5 Rg2  0-1

[Event "48th Capablanca Open I 2013"]
[Site "Havana CUB"]
[Date "2013.04.23"]
[Round "3.24"]
[White "Larrua Gonzalez,F"]
[Black "Alvarez,Ro1"]
[Result "1-0"]
[WhiteElo "2295"]
[BlackElo "2400"]

1.e4 e6 2.d4 d5 3.Nc3 Nf6 4.e5 Nfd7 5.f4 c5 6.Nf3 Nc6 7.Be3 cxd4 8.Nxd4 Nxd4
9.Bxd4 Bc5 10.Bxc5 Nxc5 11.Qd4 Qb6 12.Nb5 O-O 13.b4 Ne4 14.a4 Bd7 15.a5 Qxd4
16.Nxd4 Rfc8 17.Bd3 Nc3 18.Kd2 a6 19.Ra3 Nb5 20.Bxb5 Bxb5 21.Rc3 Rxc3 22.Kxc3 Rc8+
23.Kd2 Bd7 24.Re1 Rf8 25.Re3 Rc8 26.Rc3 Kf8 27.Rxc8+ Bxc8 28.b5 Ke7 29.Kc3 Kd7
30.Kb4 Kd8 31.Kc5 Kc7 32.g4 Bd7 33.b6+ Kd8 34.Kd6 g6 35.g5 Ba4 36.h3 Bd7
37.Nb3 Ba4 38.Nc5 Bxc2 39.Nxb7+ Kc8 40.Nc5 d4 41.b7+ Kb8 42.Kc6 Ka7 43.Kc7  1-0

[Event "Nakhchivan Open A 2013"]
[Site "Nakhchivan AZE"]
[Date "2013.04.24"]
[Round "3.10"]
[White "Macieja,B"]
[Black "Mammadov,Z"]
[Result "1-0"]
[WhiteElo "2608"]
[BlackElo "2446"]

1.e4 e6 2.d4 d5 3.Nc3 Nf6 4.e5 Nfd7 5.f4 c5 6.Nf3 Nc6 7.Be3 cxd4 8.Nxd4 Bc5
9.Qd2 O-O 10.g3 Bxd4 11.Bxd4 Qa5 12.Bf2 Rb8 13.Nb5 Qxd2+ 14.Kxd2 b6 15.Nd6 Nc5
16.c4 dxc4 17.Bxc4 Nb7 18.Nxc8 Rfxc8 19.Rhc1 Nba5 20.Bb5 Nb4 21.Rc3 Rxc3
22.Kxc3 Nd5+ 23.Kd2 Rd8 24.Ke2 Rc8 25.Bd3 g5 26.fxg5 Nb4 27.Be1 Nc2 28.Bxa5 bxa5
29.Rd1 Rc5 30.Kf3 Nb4 31.Kf4 Nxd3+ 32.Rxd3 Rc2 33.h4 Rxb2 34.a3 Kg7 35.h5 Rf2+
36.Rf3 Re2 37.Re3 Rf2+ 38.Rf3 Re2 39.h6+ Kf8 40.Rc3 Rf2+ 41.Kg4 Re2 42.Rc8+ Ke7
43.Rh8 Re4+ 44.Kh5 Rxe5 45.Rxh7 Rc5 46.Kg4 Rc8 47.g6 Rf8 48.g7 Rg8 49.Rh8 f5+
50.Kg5  1-0

[Event "ch-FRA Junior 2013"]
[Site "Saint-Paul-Trois-Chateaux FRA"]
[Date "2013.04.29"]
[Round "3.12"]
[White "Amoura,Yuba"]
[Black "De Balmann,Marc"]
[Result "0-1"]
[WhiteElo "1721"]
[BlackElo "1915"]

1.e4 e6 2.d4 d5 3.Nc3 Nf6 4.e5 Nfd7 5.f4 c5 6.Nf3 Nc6 7.Be3 Qb6 8.Qd2 c4
9.Rb1 Qa5 10.a3 b5 11.Be2 b4 12.axb4 Bxb4 13.O-O g6 14.Ra1 Qb6 15.Kh1 a5
16.Ng5 h6 17.Nh3 a4 18.g4 Ne7 19.f5 gxf5 20.Qe1 Nxe5 21.gxf5 Nxf5 22.Rxf5 exf5
23.Qg3 Ng6 24.Nxd5 Bb7 25.Bf3 Bxd5 26.Bxd5 O-O-O 27.Qf3 Nh4 28.Qg3 Rxd5 29.Qxh4 Qc6
30.Kg1 Rg8+ 31.Kf2 Rxd4 32.Bxd4 Qg2+  0-1

[Event "Nakhchivan Open A 2013"]
[Site "Nakhchivan AZE"]
[Date "2013.04.30"]
[Round "8.3"]
[White "Macieja,B"]
[Black "Shimanov,A"]
[Result "1/2-1/2"]
[WhiteElo "2608"]
[BlackElo "2639"]

1.e4 e6 2.d4 d5 3.Nc3 Nf6 4.e5 Nfd7 5.f4 c5 6.Nf3 Nc6 7.Be3 cxd4 8.Nxd4 Qb6
9.a3 Bc5 10.Ncb5 Nxd4 11.Bxd4 O-O 12.b4 Bxd4 13.Qxd4 a5 14.Rb1 axb4 15.axb4 f6
16.exf6 Rxf6 17.Qxb6 Nxb6 18.g3 Bd7 19.Nd4 h6 20.h4 e5 21.fxe5 Re8 22.Kd2 Rxe5
23.Bd3 Nc4+ 24.Kc3 Re3 25.Rhg1 Rg6 26.Ne2 Rg4 27.Ra1 Ne5 28.Ra8+ Kf7 29.Rf1+ Ke7
30.Kd2 d4 31.Rb8 Bc6 32.b5 Be4 33.Bxe4 Rgxe4 34.Rxb7+ Kd6 35.Rf2 Nc4+ 36.Ke1 Rxg3
37.Rf4 Rxf4 38.Nxg3 g6 39.h5 Rg4 40.Kf2 gxh5 41.Rh7 Rg6 42.Ne2 h4 43.Nxd4 h3
44.Rxh6 Rxh6 45.Nf5+ Kc5 46.Nxh6 Ne3 47.Kg3 Nxc2 48.Kxh3 Kxb5  1/2-1/2

[Event "ch-FRA Junior 2013"]
[Site "Saint-Paul-Trois-Chateaux FRA"]
[Date "2013.05.03"]
[Round "7.8"]
[White "Aumont,A"]
[Black "De Balmann,Marc"]
[Result "1/2-1/2"]
[WhiteElo "1988"]
[BlackElo "1915"]

1.e4 e6 2.d4 d5 3.Nc3 Nf6 4.e5 Nfd7 5.f4 c5 6.Nf3 Nc6 7.Be3 Be7 8.Qd2 cxd4
9.Nxd4 O-O 10.Bd3 Nc5 11.O-O Nxd3 12.Qxd3 f6 13.exf6 Bxf6 14.Nce2 Nxd4 15.Bxd4 Bd7
16.c3 Qa5 17.Qe3 Qa6 18.Bxf6 Rxf6 19.Nd4 Raf8 20.h4 Qd6 21.g3 a6 22.Qe5 Qb6
23.Rf2 Bb5 24.Re1 Re8 25.Qe3 Qc7 26.a3 Bd7 27.Qe5 Qb6 28.g4 Rf7 29.Kg2 Qd8
30.Kg3 Qc8 31.Re3 b5 32.Rfe2 Ref8 33.Rf2 Re8 34.g5 g6 35.Qd6 a5 36.Rh2 Ref8
37.Rf3 b4 38.axb4 axb4 39.Re2 bxc3 40.Rxc3 Qd8 41.Nxe6 Bxe6 42.Qxe6 Qb8 43.Rf3 Qa7
44.Qxd5 Qg1+ 45.Rg2 Qe1+ 46.Rff2 Qe3+ 47.Qf3 Qd4 48.Qb3 Re8 49.Rf3 Qe4 50.Qc3 Ref8
51.Rgf2 h5 52.gxh6 Kh7 53.Qe5 Qb4 54.h5 gxh5 55.Qxh5 Rf6 56.Rh2 Rg6+ 57.Kf2 Qd2+
58.Kf1 Qd1+ 59.Kf2 Qd2+ 60.Kf1  1/2-1/2